Evropa proti nekalé soutěži USA

Dva najväčšie obchodné bloky sveta, Európska únia a Spojené štáty sa pustili do ďalšej bitky na pôde Svetovej obchodnej organizácie WTO. Americké chápanie volného svetového obchodu. WTO a daňové úľavy.

Guardado en:
Detalles Bibliográficos
Autor principal: Vítek, Jan
Formato: Capítulo de libro
Lenguaje:checo
Materias:
Etiquetas: Agregar Etiqueta
Sin Etiquetas, Sea el primero en etiquetar este registro!

MARC

LEADER 00000naa a2200000 4500
001 r040169
005 20230920101207.3
041 0 |a cze 
044 |a CZ 
245 1 0 |a Evropa proti nekalé soutěži USA  |c Jan Vítek 
520 |a Dva najväčšie obchodné bloky sveta, Európska únia a Spojené štáty sa pustili do ďalšej bitky na pôde Svetovej obchodnej organizácie WTO. Americké chápanie volného svetového obchodu. WTO a daňové úľavy. 
610 2 0 |a trh svetový 
610 2 0 |a USA 
610 2 0 |a Európska únia 
610 2 0 |a únik daňový 
610 2 0 |a trh medzinárodný 
610 2 0 |a úľavy daňové 
610 2 0 |a Svetová obchodná organizácia 
100 1 |a Vítek, Jan